Boss Uniques OSRS - Statistics

General Stats
  • This quiz has been taken 12 times
  • The average score is 95 of 390
Answer Stats
Bosses Uniques % Correct
Abyssal Sire Abyssal dagger
86%
Abyssal Sire Abyssal whip
71%
The Gauntlet Crystal weapon seed
71%
Dharok the Wretched Dharok's greataxe
71%
Dharok the Wretched Dharok's helm
71%
Dharok the Wretched Dharok's platebody
71%
Dharok the Wretched Dharok's platelegs
71%
Tempoross Dragon harpoon
71%
Callisto and Artio/Chaos Elemental/Kalphite Queen/King Black Dragon/Venenatis and Spindel/Vet'ion and Calvar'ion Dragon pickaxe
71%
Chambers of Xeric Elder maul
71%
The Fight Caves Fire cape
71%
Tempoross Fish barrel
71%
Guthan the Infested Guthan's helm
71%
Guthan the Infested Guthan's platebody
71%
The Inferno Infernal cape
71%
Karil the Tainted Karil's coif
71%
Karil the Tainted Karil's crossbow
71%
Karil the Tainted Karil's leathertop
71%
Kraken Kraken tentacle
71%
Giant Mole Mole claw
71%
Giant Mole Mole skin
71%
Wintertodt Phoenix
71%
Dagannoth Prime Seers ring
71%
Torag the Corrupted Torag's hammers
71%
Torag the Corrupted Torag's helm
71%
Torag the Corrupted Torag's platebody
71%
Torag the Corrupted Torag's platelegs
71%
Chambers of Xeric Twisted bow
71%
Abyssal Sire Unsired
71%
Verac the Defiled Verac's helm
71%
Dagannoth Rex Warrior ring
71%
Ahrim the Blighted Ahrim's hood
57%
Ahrim the Blighted Ahrim's robeskirt
57%
Ahrim the Blighted Ahrim's robetop
57%
Ahrim the Blighted Ahrim's staff
57%
Chambers of Xeric Ancestral hat
57%
Chambers of Xeric Ancestral robe bottom
57%
Chambers of Xeric Ancestral robe top
57%
Chambers of Xeric Arcane prayer scroll
57%
Dagannoth Supreme Archers ring
57%
Commander Zilyana Armadyl crossbow
57%
Kree'arra Armadyl hilt
57%
General Graardor Bandos tassets
57%
Dagannoth Rex Berserker ring
57%
Hespori Bottomless compost bucket
57%
Wintertodt Burnt page
57%
Chambers of Xeric Dexterous prayer scroll
57%
Dagannoth Kings/Wintertodt Dragon axe
57%
Kalphite Queen/Thermonuclear smoke devil Dragon chainbody
57%
The Gauntlet Enhanced crystal weapon seed
57%
Amoxliatl Frozen tear
57%
Commander Zilyana/General Graardor/K'ril Tsutsaroth/Kree'arra Godsword shard 1
57%
Commander Zilyana/General Graardor/K'ril Tsutsaroth/Kree'arra Godsword shard 2
57%
Commander Zilyana/General Graardor/K'ril Tsutsaroth/Kree'arra Godsword shard 3
57%
Hespori Iasor seed
57%
Kalphite Queen Jar of sand
57%
Cerberus Jar of souls
57%
Cerberus Primordial crystal
57%
Commander Zilyana Saradomin hilt
57%
Tempoross Spirit flakes
57%
Corporeal Beast Spirit shield
57%
Zulrah Tanzanite fang
57%
Phantom Muspah Venator shard
57%
Vorkath Vorkath's head
57%
Nex Ancient hilt
43%
Corporeal Beast Arcane sigil
43%
Kree'arra Armadyl chestplate
43%
Hespori Attas seed
43%
Duke Sucellus/The Leviathan/Vardorvis/The Whisperer Awakener's orb
43%
General Graardor Bandos boots
43%
General Graardor Bandos hilt
43%
Abyssal Sire Bludgeon spine
43%
The Gauntlet Crystal armour seed
43%
King Black Dragon/Vorkath Draconic visage
43%
Callisto and Artio/Chaos Elemental/Kalphite Queen/Scorpia/Venenatis and Spindel/Vet'ion and Calvar'ion Dragon 2h sword
43%
Chambers of Xeric Dragon claws
43%
The Hueycoatl Dragon hunter wand
43%
Eclipse Moon Eclipse atlatl
43%
Corporeal Beast Elysian sigil
43%
Grotesque Guardians Granite dust
43%
Grotesque Guardians Granite hammer
43%
The Hueycoatl Hueycoatl hide
43%
Alchemical Hydra Hydra leather
43%
Alchemical Hydra Hydra's claw
43%
Alchemical Hydra Hydra's eye
43%
Alchemical Hydra Jar of chemicals
43%
Skotizo Jar of darkness
43%
Kraken Jar of dirt
43%
Abyssal Sire Jar of miasma
43%
Karil the Tainted Karil's leatherskirt
43%
Chambers of Xeric Kodai insignia
43%
Chaos Fanatic Malediction shard 1
43%
Crazy archaeologist Malediction shard 2
43%
Scorpia Malediction shard 3
43%
Thermonuclear smoke devil Occult necklace
43%
Chaos Fanatic Odium shard 1
43%
Crazy archaeologist Odium shard 2
43%
Scorpia Odium shard 3
43%
Chambers of Xeric Olmlet
43%
Cerberus Pegasian crystal
43%
Sarachnis Sarachnis cudgel
43%
Commander Zilyana Saradomin's light
43%
Scurrius Scurrius' spine
43%
K'ril Tsutsaroth Staff of the dead
43%
Tempoross Tackle box
43%
Zulrah Tanzanite mutagen
43%
Tombs of Amascut Thread of elidinis
43%
Tempoross Tiny tempor
43%
Verac the Defiled Verac's brassard
43%
Verac the Defiled Verac's plateskirt
43%
Theatre of Blood Vial of blood
43%
Vorkath Vorki
43%
K'ril Tsutsaroth Zamorak hilt
43%
Zulrah Zulrah's scales
43%
Phantom Muspah Ancient essence
29%
Kree'arra Armadyl chainskirt
29%
Kree'arra Armadyl helmet
29%
General Graardor Bandos chestplate
29%
Grotesque Guardians Black tourmaline core
29%
Blood Moon Blood moon chestplate
29%
Abyssal Sire Bludgeon axon
29%
Blue Moon Blue moon chestplate
29%
Blue Moon Blue moon spear
29%
Wintertodt Bruma torch
29%
Bryophyta Bryophyta's essence
29%
Duke Sucellus/The Leviathan/Vardorvis/The Whisperer Chromium ingot
29%
Skotizo Dark claw
29%
Yama Dossier
29%
Chambers of Xeric Dragon hunter crossbow
29%
Alchemical Hydra Dragon knife
29%
Eclipse Moon Eclipse moon chestplate
29%
Cerberus Eternal crystal
29%
Theatre of Blood Ghrazi rapier
29%
Grotesque Guardians Granite ring
29%
Guthan the Infested Guthan's chainskirt
29%
Guthan the Infested Guthan's warspear
29%
Phosani's Nightmare Inquisitor's mace
29%
The Inferno Jal-nib-rek
29%
Sarachnis Jar of eyes
29%
Grotesque Guardians Jar of stone
29%
Tombs of Amascut Jewel of the sun
29%
King Black Dragon Kbd heads
29%
Hespori Kronos seed
29%
Theatre of Blood Lil' zik
29%
Duke Sucellus Magus vestige
29%
Amoxliatl Moxi
29%
Phantom Muspah Muphin
29%
Phosani's Nightmare Nightmare staff
29%
Grotesque Guardians Noon
29%
Yama Oathplate chest
29%
Yama Oathplate helm
29%
Yama Oathplate legs
29%
Chambers of Xeric Onyx
29%
Tombs of Amascut Osmumten's fang
29%
Vet'ion and Calvar'ion Ring of the gods
29%
Commander Zilyana Saradomin sword
29%
Theatre of Blood Scythe of vitur (uncharged)
29%
Skotizo Skotos
29%
Thermonuclear smoke devil Smoke battlestaff
29%
Tempoross Soaked page
29%
Corporeal Beast Spectral sigil
29%
Tempoross Spirit angler boots
29%
Tempoross Spirit angler top
29%
Sarachnis Sraracha
29%
Fortis Colosseum Sunfire fanatic helm
29%
Fortis Colosseum Sunfire splinters
29%
Kraken Trident of the seas (full)
29%
Tombs of Amascut Tumeken's guardian
29%
Tombs of Amascut Tumeken's shadow (uncharged)
29%
The Fight Caves Tzrek-jad
29%
Fortis Colosseum/Skotizo/Zalcano/Zulrah Uncut onyx
29%
Verac the Defiled Verac's flail
29%
Duke Sucellus/The Leviathan/Vardorvis/The Whisperer Virtus Robe Bottom
29%
Duke Sucellus/The Leviathan/Vardorvis/The Whisperer Virtus Robe Top
29%
K'ril Tsutsaroth Zamorakian spear
29%
Nex Zaryte vambraces
29%
Abyssal Sire Abyssal head
14%
Abyssal Sire Abyssal orphan
14%
Alchemical Hydra Alchemical hydra heads
14%
Skotizo Ancient shard
14%
Theatre of Blood Avernic defender hilt
14%
Giant Mole Baby mole
14%
Duke Sucellus Baron
14%
The Whisperer Bellator vestige
14%
Tempoross Big harpoonfish
14%
Blood Moon Blood moon helm
14%
Blood Moon Blood moon tassets
14%
Blue Moon Blue moon helm
14%
Blue Moon Blue moon tassets
14%
Barrows Brothers Bolt Rack
14%
Phantom Muspah Charged ice
14%
Callisto and Artio Claws of callisto
14%
Araxxor Coagulated venom
14%
Skotizo Dark totem
14%
Royal Titans Deadeye prayer scroll
14%
Chambers of Xeric Dinh's bulwark
14%
Vorkath Dragonbone necklace
14%
Alchemical Hydra Dragon thrownaxe
14%
Blood Moon Dual macuahuitl
14%
Eclipse Moon Eclipse moon helm
14%
Eclipse Moon Eclipse moon tassets
14%
Phosani's Nightmare Eldritch orb
14%
Tombs of Amascut Elidinis' ward
14%
Duke Sucellus Eye of the duke
14%
Crazy archaeologist Fedora
14%
Phantom Muspah Frozen cache
14%
The Gauntlet Gauntlet cape
14%
Amoxliatl Glacial temotli
14%
Grotesque Guardians Granite gloves
14%
Phosani's Nightmare Harmonised orb
14%
Corporeal Beast Holy elixir
14%
The Hueycoatl Huasca seed
14%
Alchemical Hydra Hydra's fang
14%
Alchemical Hydra Ikkle hydra
14%
Phosani's Nightmare Inquisitor's plateskirt
14%
Thermonuclear smoke devil Jar of smoke
14%
Zulrah Jar of swamp
14%
Araxxor Jar of venom
14%
Tombs of Amascut Jewel of amascut
14%
Kalphite Queen Kalphite princess
14%
The Leviathan Leviathan's lure
14%
The Leviathan Lil'viathan
14%
Zulrah Magic fang
14%
Tombs of Amascut Masori body
14%
Tombs of Amascut Masori chaps
14%
Tombs of Amascut Masori crafting kit
14%
Tombs of Amascut Masori mask
14%
Chambers of Xeric Metamorphic dust
14%
Doom of Mokhaiotl Mokhaiotl cloth
14%
Nex Nexling
14%
Araxxor Nid
14%
Nex Nihil horn
14%
Nex Nihil shard
14%
Araxxor Noxious blade
14%
Araxxor Noxious point
14%
Corporeal Beast Pet dark core
14%
General Graardor Pet general graardor
14%
Kraken Pet kraken
14%
Kree'arra Pet kree'arra
14%
K'ril Tsutsaroth Pet k'ril tsutsaroth
14%
Zulrah Pet snakeling
14%
Commander Zilyana Pet zilyana
14%
King Black Dragon Prince black dragon
14%
Wintertodt Pyromancer hood
14%
Wintertodt Pyromancer robe
14%
Theatre of Blood Sanguinesti staff (uncharged)
14%
Scurrius Scurry
14%
Dagannoth Supreme Seercull
14%
Zulrah Serpentine visage
14%
Theatre of Blood Sinhaza shroud tier 1
14%
Theatre of Blood Sinhaza shroud tier 2
14%
Theatre of Blood Sinhaza shroud tier 3
14%
Theatre of Blood Sinhaza shroud tier 4
14%
Theatre of Blood Sinhaza shroud tier 5
14%
Vorkath Skeletal visage
14%
The Hueycoatl Soiled page
14%
Yama Soulflame horn
14%
Tempoross Spirit angler headband
14%
K'ril Tsutsaroth Steam battlestaff
14%
Deranged Archaeologist Steel ring
14%
The Hueycoatl Tome of earth (empty)
14%
Wintertodt Tome of fire (empty)
14%
Tempoross Tome of water (empty)
14%
Chambers of Xeric Torn prayer scroll
14%
Nex Torva full helm (damaged)
14%
Nex Torva platebody (damaged)
14%
Nex Torva platelegs (damaged)
14%
Venenatis and Spindel Treasonous ring
14%
Chambers of Xeric Twisted buckler
14%
Vardorvis Ultor vestige
14%
The Leviathan Venator vestige
14%
Duke Sucellus/The Leviathan/Vardorvis/The Whisperer Virtus Mask
14%
Vet'ion and Calvar'ion Voidwaker blade
14%
Venenatis and Spindel Voidwaker gem
14%
Callisto and Artio Voidwaker Hilt
14%
Phosani's Nightmare Volatile orb
14%
Wintertodt Warm gloves
14%
Zulrah Zul-andra teleport
14%
Phantom Muspah Ancient icon
0%
Tombs of Amascut Ancient remnant
0%
Araxxor Araxyte fang
0%
Araxxor Araxyte head
0%
Araxxor Araxyte venom sack
0%
Moons of Peril Atlatl dart
0%
Doom of Mokhaiotl Avernic treads
0%
Yama Barrel of demonic tallow
0%
Vardorvis Blood quartz
0%
Abyssal Sire Bludgeon claw
0%
Royal Titans Bran
0%
Tombs of Amascut Breach of the scarab
0%
Vardorvis Butch
0%
Tombs of Amascut Cahce of runes
0%
Callisto and Artio Callisto Cub
0%
Yama Chasm teleport scroll
0%
Zalcano Crystal tool seed
0%
Tombs of Amascut Cursed phalanx
0%
Chambers of Xeric Dark relic
0%
Doom of Mokhaiotl Demon tear
0%
Royal Titans Desiccated page
0%
Fortis Colosseum Dizana's quiver (uncharged)
0%
Doom of Mokhaiotl Dom
0%
Fortis Colosseum Echo crystal
0%
Vardorvis Executioner's axe head
0%
Doom of Mokhaiotl Eye of ayak (uncharged)
0%
Tombs of Amascut Eye of the corruptor
0%
Venenatis and Spindel Fangs of venenatis
0%
Royal Titans Fire element staff crown
0%
Yama Forgotten lockbox
0%
Duke Sucellus Frozen tablet
0%
Sarachnis Giant egg sac
0%
Royal Titans Giantsoul amulet
0%
Cerberus Hellpuppy
0%
Obor Hill Giant Club
0%
Theatre of Blood Holy ornament kit
0%
The Hueycoatl Huberte
0%
Alchemical Hydra Hydra's heart
0%
Alchemical Hydra Hydra tail
0%
Royal Titans Ice element staff crown
0%
Duke Sucellus Ice quartz
0%
Tombs of Amascut Icthlarin's shroud(tier 1)
0%
Tombs of Amascut Icthlarin's shroud(tier 2)
0%
Tombs of Amascut Icthlarin's shroud(tier 3)
0%
Tombs of Amascut Icthlarin's shroud(tier 4)
0%
Tombs of Amascut Icthlarin's shroud(tier 5)
0%
Phosani's Nightmare Inquisitor's great helm
0%
Phosani's Nightmare Inquisitor's hauberk
0%
Vorkath Jar of decay
0%
Phosani's Nightmare Jar of dreams
0%
Corporeal Beast Jar of spirits
0%
Theatre of Blood Justiciar chestguard
0%
Theatre of Blood Justiciar faceguard
0%
Theatre of Blood Justiciar legguards
0%
Cerberus Key master teleport
0%
Kalphite Queen Kq head
0%
Tombs of Amascut Lightbearer
0%
Phosani's Nightmare Little nightmare
0%
Zulrah Magma mutagen
0%
Tombs of Amascut Menaphite ornament kit
0%
Doom of Mokhaiotl Mokhaiotl waystone
0%
Dagannoth Prime Mud battlestaff
0%
Royal Titans Mystic vigour prayer scroll
0%
Araxxor Noxious pommel
0%
Yama Oathplate shards
0%
Phosani's Nightmare Parasitic egg
0%
Amoxliatl Pendant of ates (inert)
0%
Chaos Elemental/Chaos Fanatic Pet Chaos Elemental
0%
Dagannoth Prime Pet dagannoth prime
0%
Dagannoth Rex Pet dagannoth rex
0%
Dagannoth Supreme Pet dagannoth supreme
0%
Thermonuclear smoke devil Pet smoke devil
0%
Wintertodt Pyromancer boots
0%
Wintertodt Pyromancer garb
0%
Tombs of Amascut Remnant of akkha
0%
Tombs of Amascut Remnant of ba-ba
0%
Tombs of Amascut Remnant of khepri
0%
Tombs of Amascut Remnant of zebak
0%
The Mimic Ring of 3rd age
0%
Yama Rite of vile transference
0%
Theatre of Blood Sanguine dust
0%
Theatre of Blood Sanguine ornament kit
0%
The Leviathan Scarred tablet
0%
Scorpia Scorpia's offspring
0%
The Whisperer Shadow quartz
0%
The Whisperer Sirenic tablet
0%
The Whisperer Siren's staff
0%
Vet'ion and Calvar'ion Skull of vet'ion
0%
Phosani's Nightmare Slepey tablet
0%
The Leviathan Smoke quartz
0%
Zalcano Smolcano
0%
Fortis Colosseum Smol heredit
0%
Cerberus Smouldering stone
0%
Araxxor Spider cave teleport
0%
Tempoross Spirit angler waders
0%
Vardorvis Strangled tablet
0%
Fortis Colosseum Sunfire fanatic chausses
0%
Fortis Colosseum Sunfire fanatic cuirass
0%
Fortis Colosseum Tonalztics of ralos (uncharged)
0%
Chambers of Xeric Twisted ancestral colour kit
0%
Callisto and Artio Tyrannical Ring
0%
Venenatis and Spindel Venenatis spiderling
0%
Vet'ion and Calvar'ion Vet'ion jr.
0%
The Whisperer Wisp
0%
Chambers of Xeric Xeric's champion
0%
Chambers of Xeric Xeric's general
0%
Chambers of Xeric Xeric's guard
0%
Chambers of Xeric Xeric's sentinel
0%
Chambers of Xeric Xeric's warrior
0%
Yama Yami
0%
The Gauntlet Youngllef
0%
Zalcano Zalcano shard
0%
No matching quizzes found
Score Distribution
Percent of People with Each Score
Percentile by Number Answered
Your Score History
You have not taken this quiz